| 000 | 01083nam0a22003131 4500 | ||
|---|---|---|---|
| 001 | v19\rc\1713328 | ||
| 005 | 20230407170533.0 | ||
| 035 | _a(NLR Aleph) 005230768 | ||
| 090 |
_a5602931 _c5602931 |
||
| 100 | _a20061002d1900 |||y0rusy50 ca | ||
| 101 | 0 | _arus | |
| 102 | _aRU | ||
| 105 | _ay z |||a| | ||
| 200 | 1 |
_aСтихотворения _fТан [псевд.] |
|
| 210 |
_aСанкт-Петербург _cС. Дороватовский и А. Чарушников _d1900 |
||
| 215 |
_a[2], II, 123 с. _d21 |
||
| 300 | _aАвт. установлен по изд.: Масанов И.Ф. Словарь... | ||
| 532 | 1 | 3 | _aСтихотворения |
| 700 | 1 |
_aБогораз _bВ. Г. _f1865-1936 _gВладимир Германович _3RU\NLR\AUTH\7712679 _7ca |
|
| 790 | 0 |
_aТан _f1865-1936 |
|
| 801 | 0 |
_aRU _bNLR _c20061002 _gpsbo |
|
| 801 | 0 |
_aRU _bRuMoRGB _c20061002 _2psbo |
|
| 801 | 1 |
_aRU _bProSoft-M _c20061002 _2rusmarc |
|
| 801 | 2 |
_aRU _bNLR _c20080717 _2rusmarc |
|
| 852 |
_aNLR _j20.75.2.17 |
||
| 852 |
_aNLR _j129/632 |
||
| 942 | _cBOOK | ||
| 980 | _aNB | ||